|
|
|
|
| LEADER |
00000nam a2200000 a 4500 |
| 001 |
vtls001119942 |
| 003 |
SK-MaSNL |
| 005 |
20260223212150.0 |
| 008 |
250414s1984 xo 0 slo |
| 015 |
|
|
|a SNBA1984/11
|
| 035 |
|
|
|a SNK000062785
|
| 040 |
|
|
|a SNK
|b slo
|c SNK
|e AACR2
|
| 041 |
0 |
|
|a slo
|
| 044 |
|
|
|a xo
|c SK
|
| 080 |
|
|
|a 371.214.112:338.46:377.5
|2 1981
|
| 080 |
|
|
|a 338.46
|2 1981
|
| 080 |
|
|
|a 377.5
|2 1981
|
| 080 |
|
|
|a 338.46(073)
|2 1981
|
| 080 |
|
|
|a 377.5(073)
|2 1981
|
| 245 |
0 |
0 |
|a Základné pedagogické dokumenty pre stredné odborné školy
|b Študijný odbor 63-04-6 ekonomika obchodu a služieb
|
| 250 |
|
|
|a 1. vyd.
|
| 260 |
|
|
|a Bratislava
|b Slovenské pedagogické nakladateľstvo
|c 1984
|e Nitra
|f Nitrianske tlačiarne
|
| 300 |
|
|
|a 163 s., 10,65 AH
|b Tb.
|c 29 cm
|
| 366 |
|
|
|e 200 výtl.
|
| 500 |
|
|
|a Schválilo MŠ SSR.
|
| 852 |
|
|
|a Slovenská národná knižnica
|
| 954 |
|
|
|a obchod
|a služby
|a osnovy učebné
|a plány učebné
|
| 958 |
|
|
|a OND
|
| 958 |
|
|
|a UO
|
| 958 |
|
|
|a TL
|
| 999 |
|
|
|c 707513
|d 709443
|
| 952 |
|
|
|a SNK
|b SNK
|y PREZ
|7 0
|p 17A0791126
|o snkSB 38164
|0 0
|1 0
|4 0
|d 2012-05-14
|f 1
|l 0
|r 2025-04-22 00:00:00
|w 2026-02-23
|
| 952 |
|
|
|t P60, <04>, [BOOK], {604}
|a SNK
|b SNK
|y VYP
|7 0
|p 17A0207703
|o snkSB 38164 D1
|0 0
|1 0
|4 0
|d 1999-08-24
|l 0
|r 2004-12-31 00:00:00
|w 2026-02-23
|